<?xml version="1.0" encoding="UTF-8"?>
<record
    xmlns:xsi="http://www.w3.org/2001/XMLSchema-instance"
    xsi:schemaLocation="http://www.loc.gov/MARC21/slim http://www.loc.gov/standards/marcxml/schema/MARC21slim.xsd"
    xmlns="http://www.loc.gov/MARC21/slim">

  <leader>01653nam a22002297a 4500</leader>
  <datafield tag="999" ind1=" " ind2=" ">
    <subfield code="c">94088</subfield>
    <subfield code="d">94088</subfield>
  </datafield>
  <controlfield tag="003">NALT</controlfield>
  <controlfield tag="005">20210527141122.0</controlfield>
  <controlfield tag="008">171221b        th ||||| |||| 00| 0 tha d</controlfield>
  <datafield tag="040" ind1=" " ind2=" ">
    <subfield code="a">NALT</subfield>
  </datafield>
  <datafield tag="050" ind1=" " ind2=" ">
    <subfield code="a">HD 5702.5 </subfield>
    <subfield code="b">&#xE23;914&#xE04; 2560</subfield>
  </datafield>
  <datafield tag="090" ind1=" " ind2=" ">
    <subfield code="a">CD 2821</subfield>
  </datafield>
  <datafield tag="110" ind1="2" ind2=" ">
    <subfield code="a">&#xE01;&#xE23;&#xE30;&#xE17;&#xE23;&#xE27;&#xE07;&#xE41;&#xE23;&#xE07;&#xE07;&#xE32;&#xE19;.</subfield>
    <subfield code="b">&#xE2A;&#xE33;&#xE19;&#xE31;&#xE01;&#xE07;&#xE32;&#xE19;&#xE1B;&#xE25;&#xE31;&#xE14;&#xE01;&#xE23;&#xE30;&#xE17;&#xE23;&#xE27;&#xE07;&#xE41;&#xE23;&#xE07;&#xE07;&#xE32;&#xE19;</subfield>
    <subfield code="9">1236</subfield>
  </datafield>
  <datafield tag="245" ind1="1" ind2="0">
    <subfield code="a">&#xE42;&#xE04;&#xE23;&#xE07;&#xE01;&#xE32;&#xE23;&#xE28;&#xE36;&#xE01;&#xE29;&#xE32;&#xE27;&#xE34;&#xE08;&#xE31;&#xE22;&#xE04;&#xE27;&#xE32;&#xE21;&#xE15;&#xE49;&#xE2D;&#xE07;&#xE01;&#xE32;&#xE23;&#xE41;&#xE23;&#xE07;&#xE07;&#xE32;&#xE19;&#xE43;&#xE19;&#xE1E;&#xE37;&#xE49;&#xE19;&#xE17;&#xE35;&#xE48;&#xE40;&#xE02;&#xE15;&#xE1E;&#xE31;&#xE12;&#xE19;&#xE32;&#xE40;&#xE28;&#xE23;&#xE29;&#xE10;&#xE01;&#xE34;&#xE08;&#xE1E;&#xE34;&#xE40;&#xE28;&#xE29; &#xE08;&#xE31;&#xE07;&#xE2B;&#xE27;&#xE31;&#xE14;&#xE40;&#xE0A;&#xE35;&#xE22;&#xE07;&#xE23;&#xE32;&#xE22; &#xE01;&#xE32;&#xE0D;&#xE08;&#xE19;&#xE1A;&#xE38;&#xE23;&#xE35; &#xE2B;&#xE19;&#xE2D;&#xE07;&#xE04;&#xE32;&#xE22; &#xE19;&#xE04;&#xE23;&#xE1E;&#xE19;&#xE21; &#xE41;&#xE25;&#xE30;&#xE19;&#xE23;&#xE32;&#xE18;&#xE34;&#xE27;&#xE32;&#xE2A; &#xE43;&#xE19; 5 &#xE1B;&#xE35;&#xE02;&#xE49;&#xE32;&#xE07;&#xE2B;&#xE19;&#xE49;&#xE32; (&#xE1E;.&#xE28;.25561-2565) &#xE23;&#xE32;&#xE22;&#xE07;&#xE32;&#xE19;&#xE09;&#xE1A;&#xE31;&#xE1A;&#xE2A;&#xE21;&#xE1A;&#xE39;&#xE23;&#xE13;&#xE4C; /</subfield>
    <subfield code="c">&#xE2A;&#xE33;&#xE19;&#xE31;&#xE01;&#xE07;&#xE32;&#xE19;&#xE1B;&#xE25;&#xE31;&#xE14;&#xE01;&#xE23;&#xE30;&#xE17;&#xE23;&#xE27;&#xE07;&#xE41;&#xE23;&#xE07;&#xE07;&#xE32;&#xE19; &#xE01;&#xE23;&#xE30;&#xE17;&#xE23;&#xE27;&#xE07;&#xE41;&#xE23;&#xE07;&#xE07;&#xE32;&#xE19;.</subfield>
  </datafield>
  <datafield tag="260" ind1=" " ind2=" ">
    <subfield code="a">&#xE01;&#xE23;&#xE38;&#xE07;&#xE40;&#xE17;&#xE1E;&#xE2F; :</subfield>
    <subfield code="b">&#xE21;&#xE39;&#xE25;&#xE19;&#xE34;&#xE18;&#xE34;&#xE2A;&#xE16;&#xE32;&#xE1A;&#xE31;&#xE19;&#xE27;&#xE34;&#xE08;&#xE31;&#xE22;&#xE19;&#xE42;&#xE22;&#xE1A;&#xE32;&#xE22;&#xE40;&#xE28;&#xE23;&#xE29;&#xE10;&#xE01;&#xE34;&#xE08;&#xE01;&#xE32;&#xE23;&#xE04;&#xE25;&#xE31;&#xE07;,</subfield>
    <subfield code="c">2560.</subfield>
  </datafield>
  <datafield tag="300" ind1=" " ind2=" ">
    <subfield code="a">1 &#xE40;&#xE25;&#xE48;&#xE21; :</subfield>
    <subfield code="b">&#xE20;&#xE32;&#xE1E;&#xE1B;&#xE23;&#xE30;&#xE01;&#xE2D;&#xE1A;, &#xE15;&#xE32;&#xE23;&#xE32;&#xE07; ;</subfield>
    <subfield code="c">29 &#xE0B;&#xE21;.</subfield>
    <subfield code="e">&#xE0B;&#xE35;&#xE14;&#xE35; 1 &#xE41;&#xE1C;&#xE48;&#xE19; : &#xE2A;&#xE35;; &#xE40;&#xE2A;&#xE35;&#xE22;&#xE07;, 4 3/4 &#xE19;&#xE34;&#xE49;&#xE27;.</subfield>
  </datafield>
  <datafield tag="650" ind1=" " ind2="4">
    <subfield code="a">&#xE41;&#xE23;&#xE07;&#xE07;&#xE32;&#xE19; </subfield>
    <subfield code="9">7063</subfield>
    <subfield code="z">&#xE44;&#xE17;&#xE22;</subfield>
  </datafield>
  <datafield tag="650" ind1=" " ind2="4">
    <subfield code="9">24503</subfield>
    <subfield code="a">&#xE15;&#xE25;&#xE32;&#xE14;&#xE41;&#xE23;&#xE07;&#xE07;&#xE32;&#xE19; </subfield>
    <subfield code="z">&#xE44;&#xE17;&#xE22; </subfield>
  </datafield>
  <datafield tag="850" ind1=" " ind2=" ">
    <subfield code="a">NALT</subfield>
  </datafield>
  <datafield tag="942" ind1=" " ind2=" ">
    <subfield code="c">RSH</subfield>
    <subfield code="2">lcc</subfield>
  </datafield>
  <datafield tag="998" ind1=" " ind2=" ">
    <subfield code="a">bijaya</subfield>
    <subfield code="b">phon</subfield>
    <subfield code="c">phon</subfield>
    <subfield code="j">1020</subfield>
    <subfield code="k"> &#xE08;&#xE33;&#xE40;&#xE23;&#xE35;&#xE22;&#xE07; &#xE23;&#xE30;&#xE27;&#xE31;&#xE07;&#xE2A;&#xE33;&#xE42;&#xE23;&#xE07;</subfield>
  </datafield>
  <datafield tag="952" ind1=" " ind2=" ">
    <subfield code="0">0</subfield>
    <subfield code="1">0</subfield>
    <subfield code="2">lcc</subfield>
    <subfield code="4">0</subfield>
    <subfield code="7">0</subfield>
    <subfield code="8">CRSH</subfield>
    <subfield code="a">NALT</subfield>
    <subfield code="b">NALT</subfield>
    <subfield code="d">2017-12-21</subfield>
    <subfield code="l">0</subfield>
    <subfield code="o">&#xE27; HD 5702.5  &#xE23;914&#xE04; 2560</subfield>
    <subfield code="p">3961207678</subfield>
    <subfield code="r">2018-01-10 00:00:00</subfield>
    <subfield code="w">2017-12-21</subfield>
    <subfield code="y">RSH</subfield>
  </datafield>
  <datafield tag="952" ind1=" " ind2=" ">
    <subfield code="0">0</subfield>
    <subfield code="1">0</subfield>
    <subfield code="2">local</subfield>
    <subfield code="4">0</subfield>
    <subfield code="7">0</subfield>
    <subfield code="8">CAV</subfield>
    <subfield code="a">NALT</subfield>
    <subfield code="b">NALT</subfield>
    <subfield code="d">2017-12-21</subfield>
    <subfield code="l">0</subfield>
    <subfield code="o">CD 2821</subfield>
    <subfield code="p">3961197857</subfield>
    <subfield code="r">2018-03-27 00:00:00</subfield>
    <subfield code="w">2017-12-21</subfield>
    <subfield code="y">CD</subfield>
  </datafield>
</record>
